000 00231nam a2200085Ia 4500
245 0 _aThe kindly ones : a novel
100 _a LITTELL, Jonathan London, 2009
_979497
942 _cBK
008 210819s9999 xx 000 0 und d
999 _c277315
_d277314